Beilsteins Handbuch der Organischen Chemie: Erster ergänzungwerk; die Literatur von 1910-1919 Umfassend; Bd.: 11, 12

Dades bibliogràfiques
Autor principal: Richter F. Friedrich
Idioma:alemany
Publicat: Berlin, Verlag von Julius Springer, 1933
Matèries:
Format: MixedMaterials Llibre
KOHA link:https://koha.lib.tpu.ru/cgi-bin/koha/opac-detail.pl?biblionumber=130027

MARC

LEADER 00000nam0a2200000 4500
001 130027
005 20231031133758.0
035 |a (RuTPU)RU\TPU\book\140808 
090 |a 130027 
100 |a 20080130d1933 k y0gery50 ba 
101 0 |a ger 
102 |a DE 
105 |a y z 001zy 
200 1 |a Beilsteins Handbuch der Organischen Chemie  |e Erster ergänzungwerk  |e die Literatur von 1910-1919 Umfassend  |h Bd.: 11, 12  |f F. Richter 
210 |a Berlin  |c Verlag von Julius Springer  |d 1933 
215 |a 608 s. 
317 |5 63413507: 270394  |a Культурные ценности, перемещенные в СССР в результате Второй мировой войны 
320 |a Register: p. 563-606. 
610 1 |a органическая химия 
610 1 |a руководство 
610 1 |a литература 
610 1 |a общественные науки 
610 1 |a немецкий язык 
675 |a 547  |v 3 
700 1 |a Richter  |b F.  |g Friedrich 
801 1 |a RU  |b 63413507  |c 20080130  |g PSBO 
801 2 |a RU  |b 63413507  |c 20081222  |g PSBO 
942 |c BK